| 000 | 00901nam a2200277 a 4500 | ||
|---|---|---|---|
| 001 | BRL_655 | ||
| 005 | 20190320210834.0 | ||
| 008 | 230913s1966----mx-a######---#000-0#spa-# | ||
| 041 | _aspa | ||
| 044 | _amx | ||
| 050 | 4 |
_aPS2954 _b.S76 1966 |
|
| 100 | 1 |
_aStowe, Harriet Beecher _d1811-1896 _924536 |
|
| 245 | 1 | 0 |
_aLa cabaña del Tío Tom _cHarriet Beecher Stowe ; Ilustraciones de C. Blanch ; Traducción de Florencio Sebastian Yarza. |
| 250 | _a5a ed. | ||
| 260 |
_aMéxico _bEditorial Cumbre _c1966 |
||
| 300 |
_a422 p. _bil. _c21 cm. |
||
| 440 | 0 |
_aColección ilustrada de obras inmortales _924537 |
|
| 500 | _aAu755 | ||
| 500 | _aTraducción de: Uncle Tom´s Cabin | ||
| 650 | 1 | 4 |
_aLiteratura estadounidense _vNovela _924538 |
| 650 | 1 | 4 |
_aEsclavitud _vNovela _924539 |
| 700 | 1 |
_aBlanch, C. _eil. _924540 |
|
| 700 | 1 |
_aYarza, Florencio Sebastian _etr. _924541 |
|
| 902 | _aGRL | ||
| 942 |
_2lcc _cB |
||
| 999 |
_c9467 _d9467 |
||